LEADER 01272nam a2200241 u 4500 001 000000007220 003 CaOOAMICUS 005 20070226104947.0 008 940514s1980 it a u000 u fre u 035 $a10187858 040 $aPUL(R)$bita 100 1 $aRichard, Félix,$cO.F.M.$0(OLS)http://pul/name/7320 245 15$a[Les Franciscains au Latran /$cFélix Richard]. 246 33$aDocuments pour servir a l'histoire des penitenciers ordinaires specialment ceux du Latran des origines à 1979 260 $aRome :$bsur les presses des Domenicaines Enseignantes de l'Immaculée-Conception,$cstampa 1980. 300 $a253 p. :$bill. ;$c21 cm 610 24$aFrancescani$xStoria$xFonti.$0(OLS)http://pul/subject/1748 850 $aPUL 852 $aPUL$W1$xDP1 Cons. Gen., Altre Classi 1$y22$m141 B 65$j10181$nBK-PRI$b $qStampati$B10181$CPULBib$Z2$F10181 $HPUL48307 $81 941 1 $a8 996 $6245$a[Les Franciscains au Latran$9(OLS)http://pul/title/10600 996 $6246$aDocuments pour servir a l'histoire des penitenciers ordinaires specialment ceux du Latran des origines à 1979$9(OLS)http://pul/title/10601 996 $6260$aRome :$bsur les presses des Domenicaines Enseignantes de l'Immaculée-Conception$9(OLS)http://pul/publisher/51610 LEADER 01315nam a2200313 u 4500 001 000000048809 003 CaOOAMICUS 005 20070226115036.0 008 000531s2000 it u000 u ita u 020 $a8870306585 035 $a10848995 040 $aPUL$bita 100 1 $aSalvestrini, Fernando.$0(OLS)http://pul/name/34221 245 13$aLa famiglia cristiana nel magistero della Chiesa :$b(dal Concilio a Giovanni Paolo II) /$cFernando Salvestrini. 250 $a2. ed. aggiornata 260 $aMilano :$bMassimo,$c2000. 300 $a352 p. ;$c20 cm 490 1 $aCollana "Sussidi pastorali-liturgici" ;$v58 500 $aContiene indici. 504 $aBibliografia in nota. 650 4$aFamiglia.$0(OLS)http://pul/subject/1197 830 0$aCollana "Sussidi pastorali-liturgici" ;$v58.$0(OLS)http://pul/title/65786 850 $aPUL 852 $aPUL$W1$xDP1 Cons. Gen., Altre Classi 1$y22$m43 C 253$j64959$nBK-PRI$b $qStampati$B64959$CPULBib$Z2$F64959 $H $81 941 1 $a8 961 $aINV: 81986 996 $6020$a8870306585$9(OLS)http://pul/number/61526 996 $6245$aLa famiglia cristiana nel magistero della Chiesa :$b(dal Concilio a Giovanni Paolo II)$9(OLS)http://pul/title/65785 996 $6260$aMilano :$bMassimo$9(OLS)http://pul/publisher/48143